000 00507nam a2200193Ia 4500
005 20250923150349.0
008 008 250917s9999 xx 000 0 eng d
037 _aTextual
040 _aDSWL
_beng
_cDSWL
041 _aeng
_2eng
084 _an2,N5, Q9
_qDSWL
245 0 _aManorma Year book 2019
_cby Manorama Press
260 _aNew Delhi
_b Manorma Press
_c2019
300 _a1039 p.
365 _aINR
_b300
925 _g300
942 _cTEXL
_hn2,N5, Q9
999 _c1462664
_d1462664